Introduction to Operations and Supply Chain Management (Record no. 45907)

MARC details
000 -LEADER
fixed length control field 00469nam a2200181Ia 4500
008 - FIXED-LENGTH DATA ELEMENTS--GENERAL INFORMATION
fixed length control field 230524s9999 xx 000 0 und d
020 ## - INTERNATIONAL STANDARD BOOK NUMBER
ISBN 9788131703255
082 ## - DEWEY DECIMAL CLASSIFICATION NUMBER
Classification number 537
Item number BOZ
100 ## - MAIN ENTRY--AUTHOR NAME
Personal name Cecil C.Bozarth
245 #0 - TITLE STATEMENT
Title Introduction to Operations and Supply Chain Management
250 ## - EDITION STATEMENT
Edition statement IST
260 ## - PUBLICATION, DISTRIBUTION, ETC. (IMPRINT)
Place of publication NEW DELHI
Name of publisher Pearson
Year of publication 2009
300 ## - PHYSICAL DESCRIPTION
Number of Pages XII;225
500 ## - GENERAL NOTE
General note Quantity Number: 2
650 ## - SUBJECT ADDED ENTRY--TOPICAL TERM
Topical Term Management
700 ## - ADDED ENTRY--PERSONAL NAME
Personal name Robert B.Handfield
942 ## - ADDED ENTRY ELEMENTS (KOHA)
Koha item type Books
Holdings
Lost status Damaged status Permanent Location Current Location Shelving location Date acquired Full call number Accession Number Koha item type
    Central Library, Trident Academy of Technology Central Library, Trident Academy of Technology General Stacks 05/24/2023 537 BOZ 35726 Books
    Central Library, Trident Academy of Technology Central Library, Trident Academy of Technology General Stacks 05/24/2023 537 BOZ 35727 Books
Trident Academy of Technology © 2023.
All rights reserved.                                                                                                                                                                                                        Designed by Team of Central Library .

Powered by Koha